El evangelio interior
Đã lưu trong:
| Tác giả chính: | |
|---|---|
| Định dạng: | Sách |
| Ngôn ngữ: | Tiếng Tây Ban Nha |
| Được phát hành: |
Buenos Aires
Desclée de Brouwer
1944
|
| Những chủ đề: | |
| Các nhãn: |
Thêm thẻ
Không có thẻ, Là người đầu tiên thẻ bản ghi này!
|
MARC
| LEADER | 00000nam a2200000 a 4500 | ||
|---|---|---|---|
| 001 | UCR1769 | ||
| 003 | CL-VaPUC | ||
| 008 | 971219e19440000AG |||||||||||||||||spa|d | ||
| 082 | 0 | 4 | |a 251.1 |b ZUN |2 21 |
| 100 | 0 | |a Zundel, Maurice |e author |9 399234 | |
| 245 | 1 | 3 | |a El evangelio interior |
| 300 | |a 148 p | ||
| 942 | |c BK | ||
| 945 | |d 19971219 00:00:00 |a jquezada | ||
| 260 | |a Buenos Aires |b Desclée de Brouwer |c 1944 | ||
| 600 | 0 | |a Jesús |9 313614 | |
| 650 | 0 | |a Predicación |9 398079 | |
| 650 | 7 | |a EVANGELIO |2 CL-VaPUC |9 368586 | |
| 650 | 0 | |a Alma |9 259008 | |
| 650 | 0 | |a Amor |9 257817 | |
| 650 | 0 | |a Mal |9 323721 | |
| 650 | 7 | |a MISTERIO |2 CL-VaPUC |9 399235 | |
| 650 | 0 | |a Iglesia |9 255004 | |
| 650 | 0 | |a Sacramentos |9 257270 | |
| 583 | |a last modification |c 19971219 00:00:00 |k Rodrigo Vera | ||
| 999 | |c 265134 |d 265132 | ||
| 952 | |0 0 |1 0 |4 0 |6 251_100000000000000_ZUN_1944 |7 0 |8 P |9 295950 |a BIBTEO |b BIBTES |c TEO_FTES |d 2019-11-20 |i 3368394 |o 251.1 ZUN 1944 |p 3368394 |r 2024-01-18 |w 2019-11-20 |y BK |k ICR | ||